| 000 | 00568cas a22002051 4500 | ||
|---|---|---|---|
| 001 | 0000019333 | ||
| 005 | 20151217160930.0 | ||
| 008 | 101028c xxur p 0 0eng d | ||
| 022 | _a0033-3107 | ||
| 040 |
_aKABU _cKABU |
||
| 245 | 0 | 0 | _aPsychology today. |
| 260 |
_aNew York : _bSussex. |
||
| 300 |
_av : _bill. |
||
| 310 | _aBimonthly, | ||
| 650 | 0 |
_aPsychology _vPopular works _vPeriodicals. _@0000171175 |
|
| 650 | 0 |
_aPsychology, Social _vPeriodicals. _@0000179054 |
|
| 908 | _a101028 | ||
| 950 | _@1 | ||
| 999 |
_c14804 _d14804 |
||